[Event "6. ODEM U25 2009"]
[Site "Willingen GER"]
[Date "2009.06.01"]
[Round "3"]
[White "Valet, Alexander"]
[Black "Ohnesorg, Felix"]
[Result "1-0"]
[Termination "normal"]
[Board "30"]
[WhiteElo "1550"]
[BlackElo "1822"]
[PlyCount "115"]
[WhiteFideId "24682560"]
[BlackFideId "24653578"]
[EventCountry "GER"]
[EventRounds "9"]
[EventType "swiss"]
[EventDate "2009.05.30"]

1. e4 e5 2. Nf3 Nc6 3. d4 exd4 4. Nxd4 Nf6 5. Nxc6 bxc6 6. Bd3 Be7 7. O-O O-O
8. Bf4 Re8 9. Nd2 Bc5 10. h3 h6 11. Re1 d5 12. exd5 Rxe1+ 13. Qxe1 cxd5 14. Nf3
Bd6 15. Bxd6 Qxd6 16. Rd1 Be6 17. Qa5 Qf4 18. Nd4 Kh8 19. Qc5 Qd6 20. Qxd6 cxd6
21. Bf5 Re8 22. Re1 Bd7 23. Rxe8+ Bxe8 24. Bd3 Kg8 25. Kf1 g6 26. Bb5 Kf8 27.
Ke2 Ke7 28. Bxe8 Nxe8 29. Nc6+ Kd7 30. Nxa7 Kc7 31. Nb5+ Kb6 32. Nd4 Nc7 33.
Kd3 Ne6 34. g3 Nc5+ 35. Ke3 Na4 36. b3 Nc3 37. a4 Kc5 38. Nf3 Ne4 39. Nd2 Ng5
40. h4 Ne6 41. Nf3 d4+ 42. Kd3 g5 43. hxg5 hxg5 44. Ke4 d5+ 45. Kf5 g4 46. Kxg4
Kb4 47. Kf5 Kc3 48. Ke5 Kxc2 49. Nxd4+ Kc3 50. Nb5+ Kxb3 51. Kxd5 Kxa4 52. Nd6
Nd8 53. Ke5 Kb4 54. Kf6 Kc5 55. Nxf7 Nc6 56. g4 Kd5 57. g5 Nb8 58. Ne5 1-0

[Event "6. ODEM U25 2009"]
[Site "Willingen GER"]
[Date "2009.06.01"]
[Round "3"]
[White "Azizi, Nassim"]
[Black "Holle, Eric"]
[Result "1-0"]
[Termination "normal"]
[Board "31"]
[WhiteElo "1692"]
[BlackElo "1735"]
[PlyCount "73"]
[WhiteFideId "4608119"]
[BlackFideId "4624610"]
[EventCountry "GER"]
[EventRounds "9"]
[EventType "swiss"]
[EventDate "2009.05.30"]

1. d4 Nf6 2. c4 e6 3. Nc3 c5 4. d5 exd5 5. cxd5 d6 6. e4 g6 7. f4 Bg7 8. Nf3
O-O 9. Bd3 Re8 10. O-O Nbd7 11. Kh1 c4 12. Bxc4 Nxe4 13. Nxe4 Rxe4 14. Bd3 Rb4
15. a3 Rb6 16. Rb1 Nc5 17. Bc2 a5 18. f5 Bd7 19. fxg6 hxg6 20. Ng5 Be8 21. h4
Be5 22. b3 f6 23. Nh3 Bf7 24. Nf4 f5 25. g3 Kg7 26. Be3 Bxf4 27. Rxf4 Qe8 28.
Bd4+ Kh7 29. h5 Bxd5+ 30. Kh2 Bxb3 31. Bxb3 Rxb3 32. hxg6+ Kxg6 33. Rxb3 Nxb3
34. Qxb3 Qe2+ 35. Bf2 Qf1 36. Qe6+ Kh7 37. Qf7+ 1-0

[Event "6. ODEM U25 2009"]
[Site "Willingen GER"]
[Date "2009.06.01"]
[Round "3"]
[White "Usov, Andreas"]
[Black "Windjäger, Gerd"]
[Result "0-1"]
[Termination "normal"]
[Board "33"]
[WhiteElo "1491"]
[BlackElo "1782"]
[PlyCount "84"]
[WhiteFideId "24601713"]
[EventCountry "GER"]
[EventRounds "9"]
[EventType "swiss"]
[EventDate "2009.05.30"]

1. e4 c6 2. Bc4 d5 3. Bb3 dxe4 4. Qh5 g6 5. Qh4 Nf6 6. Nc3 Bg7 7. Nxe4 Nxe4 8.
Qxe4 Bf5 9. Qb4 Qd7 10. Nf3 Na6 11. Qf4 O-O 12. O-O Nc5 13. Qc4 Nxb3 14. Qxb3
c5 15. Re1 Qc7 16. c3 Bd3 17. c4 Rad8 18. Re3 Bf5 19. Nh4 Bc8 20. d3 b6 21. Nf3
Rd7 22. Bd2 e5 23. Rd1 Bb7 24. Bc3 f6 25. Qc2 Rfd8 26. Ne1 Rd6 27. a3 Qd7 28.
b4 e4 29. bxc5 bxc5 30. Ba5 Re8 31. Rb1 Bc6 32. dxe4 Bh6 33. Re2 Ba4 34. Qb2
Rd4 35. f3 Rxc4 36. Qxf6 Bd1 37. Reb2 Bg7 38. Rb7 Qxb7 39. Rxb7 Bxf6 40. Rxa7
Ra4 41. Nd3 Rxa3 42. Nxc5 Bd4+ 0-1

[Event "6. ODEM U25 2009"]
[Site "Willingen GER"]
[Date "2009.06.01"]
[Round "3"]
[White "Paulus, Jeffrey"]
[Black "Rosenberger, Andreas"]
[Result "1-0"]
[Termination "normal"]
[Board "34"]
[WhiteElo "1917"]
[BlackElo "1478"]
[PlyCount "53"]
[WhiteFideId "24692468"]
[BlackFideId "12900192"]
[EventCountry "GER"]
[EventRounds "9"]
[EventType "swiss"]
[EventDate "2009.05.30"]

1. Nf3 Nf6 2. c4 g6 3. b3 Bg7 4. Bb2 d6 5. Nc3 O-O 6. g3 Nc6 7. d4 e5 8. d5 Ne7
9. Bg2 Nh5 10. e4 f5 11. exf5 Bxf5 12. O-O Nf6 13. Ng5 Rb8 14. f4 h6 15. Nh3
Qd7 16. fxe5 Bxh3 17. Rxf6 Bxf6 18. exf6 Rxf6 19. Ne4 Rf7 20. Qd4 Kf8 21. Qh8+
Ng8 22. Nf6 Qf5 23. Qxg8+ Ke7 24. Re1+ Qe5 25. Rxe5+ dxe5 26. Qxb8 Kxf6 27.
Bxh3 1-0

[Event "6. ODEM U25 2009"]
[Site "Willingen GER"]
[Date "2009.06.01"]
[Round "3"]
[White "Nekrasova, Kateryna"]
[Black "Weißbeck, Joachim Daniel"]
[Result "0-1"]
[Termination "normal"]
[Board "36"]
[WhiteElo "1833"]
[BlackElo "1755"]
[PlyCount "46"]
[WhiteFideId "24636266"]
[BlackFideId "4639227"]
[EventCountry "GER"]
[EventRounds "9"]
[EventType "swiss"]
[EventDate "2009.05.30"]

1. e4 e5 2. Bc4 Nf6 3. d3 Nc6 4. Nf3 Bc5 5. O-O O-O 6. Re1 d6 7. c3 Bg4 8. h3
Bh5 9. Nbd2 d5 10. exd5 Nxd5 11. g4 Bg6 12. Nxe5 Qh4 13. Qf3 Nf6 14. d4 Nxe5
15. Rxe5 Bd6 16. Re2 Rfe8 17. Nf1 Rxe2 18. Bxe2 Be4 19. Qe3 Re8 20. f4 Bd5 21.
Qg3 Rxe2 22. Qxh4 Rg2+ 23. Kh1 Rxg4+ 0-1

[Event "6. ODEM U25 2009"]
[Site "Willingen GER"]
[Date "2009.06.01"]
[Round "3"]
[White "Kulling, Markus"]
[Black "Stark, Timo"]
[Result "0-1"]
[Termination "normal"]
[Board "38"]
[WhiteElo "1451"]
[BlackElo "1821"]
[PlyCount "160"]
[WhiteFideId "24698911"]
[BlackFideId "4670183"]
[EventCountry "GER"]
[EventRounds "9"]
[EventType "swiss"]
[EventDate "2009.05.30"]

1. d4 c6 2. c4 Nf6 3. Nc3 d5 4. Qc2 g6 5. Bg5 Bf5 6. Qd2 Bg7 7. Nf3 dxc4 8. e3
b5 9. Bxf6 Bxf6 10. a4 Qa5 11. Qd1 b4 12. Na2 c3 13. Qb3 cxb2 14. Qxb2 c5 15.
Bb5+ Bd7 16. Bxd7+ Nxd7 17. Qb3 cxd4 18. Nxd4 Nc5 19. Qc4 O-O 20. O-O b3 21.
Nc3 Rac8 22. Ncb5 a6 23. Na7 Rc7 24. Nac6 Qb6 25. Rac1 b2 26. Rb1 Bxd4 27. Nxd4
Ne4 28. Rxb2 Rxc4 29. Rxb6 Rxa4 30. h3 Ra2 31. Rb7 e6 32. Rc1 Rxf2 33. Rcc7 Rf6
34. g4 h6 35. Re7 Nd2 36. Kg2 Nc4 37. e4 Nd6 38. Rbc7 Nxe4 39. Rcd7 g5 40. Kg1
Rb8 41. Rb7 Rxb7 42. Rxb7 h5 43. gxh5 Rh6 44. Rb8+ Kg7 45. Kg2 Rxh5 46. Ra8 Nc5
47. Rc8 Nd3 48. Ne2 Nf4+ 49. Nxf4 gxf4 50. Rc4 f3+ 51. Kxf3 Rxh3+ 52. Kg2 Ra3
53. Rg4+ Kf6 54. Rf4+ Ke7 55. Rb4 a5 56. Rb7+ Kf6 57. Ra7 a4 58. Ra5 Ra1 59.
Ra8 a3 60. Ra5 a2 61. Ra3 e5 62. Rf3+ Ke6 63. Ra3 e4 64. Ra6+ Ke5 65. Ra5+ Kd4
66. Ra4+ Kd3 67. Ra3+ Kd2 68. Kf2 f5 69. Ra4 e3+ 70. Kf3 Rf1+ 71. Kg2 a1=Q 72.
Rxa1 Rxa1 73. Kf3 e2 74. Kf4 e1=Q 75. Kxf5 Qe3 76. Kg4 Rf1 77. Kh4 Qf4+ 78. Kh3
Rf3+ 79. Kg2 Qg3+ 80. Kh1 Rf1# 0-1

[Event "6. ODEM U25 2009"]
[Site "Willingen GER"]
[Date "2009.06.01"]
[Round "3"]
[White "Stemmler, Lysan"]
[Black "Plumbaum, Nadja"]
[Result "0-1"]
[Termination "normal"]
[Board "39"]
[WhiteElo "1856"]
[BlackElo "1667"]
[PlyCount "74"]
[WhiteFideId "24622451"]
[BlackFideId "24691941"]
[EventCountry "GER"]
[EventRounds "9"]
[EventType "swiss"]
[EventDate "2009.05.30"]

1. e4 c5 2. Nf3 Nc6 3. d4 cxd4 4. Nxd4 Nf6 5. Nc3 d6 6. Be2 e5 7. Nb3 Be7 8.
Be3 O-O 9. O-O a5 10. Kh1 a4 11. Nd2 a3 12. b3 Be6 13. Nc4 d5 14. exd5 Nxd5 15.
Nxd5 Qxd5 16. Nb6 Qxd1 17. Rfxd1 Rad8 18. c3 h6 19. Na4 Rxd1+ 20. Rxd1 Rd8 21.
Rxd8+ Nxd8 22. Bc5 Bxc5 23. Nxc5 Bd5 24. c4 Bc6 25. b4 b6 26. Nd3 f6 27. b5 Bb7
28. Nb4 Ne6 29. Nc2 Nd4 30. Nxd4 exd4 31. Bd3 Kf7 32. Kg1 Ke6 33. f3 Kd6 34.
Kf2 Kc5 35. Ke2 Bc8 36. Kd2 Be6 37. Kc2 Bxc4 0-1

[Event "6. ODEM U25 2009"]
[Site "Willingen GER"]
[Date "2009.06.01"]
[Round "3"]
[White "Rummer, Evi"]
[Black "Frischmann, Rick"]
[Result "0-1"]
[Termination "normal"]
[Board "40"]
[WhiteElo "1439"]
[BlackElo "1685"]
[PlyCount "116"]
[WhiteFideId "12900117"]
[BlackFideId "24660752"]
[EventCountry "GER"]
[EventRounds "9"]
[EventType "swiss"]
[EventDate "2009.05.30"]

1. e4 c5 2. Nf3 e6 3. Nc3 a6 4. a4 d5 5. exd5 exd5 6. d4 cxd4 7. Nxd4 Nf6 8.
Be2 Nc6 9. O-O Be7 10. Bg5 h6 11. Bh4 g5 12. Bg3 h5 13. Nxc6 bxc6 14. Be5 g4
15. Re1 Kf8 16. Qd4 Bb7 17. Rad1 c5 18. Qf4 d4 19. Bc4 Qb6 20. Bxf6 Qxf6 21.
Qxf6 Bxf6 22. Ne4 Be7 23. Ng3 Bc8 24. Re5 h4 25. Ne4 f6 26. Nxf6 Bxf6 27. Rxc5
Bd7 28. Rc7 Rc8 29. Rxd7 Rxc4 30. Rd6 Kf7 31. Rxa6 Rxc2 32. Ra7+ Kg6 33. Rd7
Rd8 34. Rxd8 Bxd8 35. Kf1 Bf6 36. b3 Rb2 37. Rd3 Kf5 38. f3 g3 39. hxg3 hxg3
40. a5 Rf2+ 41. Ke1 Rxg2 42. Kf1 Rb2 43. Kg1 Kg5 44. Kf1 Kh4 45. f4 Kh3 46. b4
Kh2 47. Ke1 g2 48. Rd2 Rxd2 49. Kxd2 g1=Q 50. Kd3 Qe3+ 51. Kc4 Qc3+ 52. Kb5 Be7
53. a6 Qxb4+ 54. Kc6 Qd6+ 55. Kb7 Bd8 56. f5 Qb6+ 57. Ka8 Bc7 58. a7 Qc6# 0-1

[Event "6. ODEM U25 2009"]
[Site "Willingen GER"]
[Date "2009.06.01"]
[Round "3"]
[White "Armbrust, Matthias"]
[Black "Röhlich, Philipp"]
[Result "0-1"]
[Termination "normal"]
[Board "41"]
[WhiteElo "1820"]
[BlackElo "1043"]
[PlyCount "86"]
[BlackFideId "24692832"]
[EventCountry "GER"]
[EventRounds "9"]
[EventType "swiss"]
[EventDate "2009.05.30"]

1. e4 c5 2. Nc3 Nc6 3. g3 g6 4. Bg2 Bg7 5. d3 d6 6. f4 Nf6 7. Nf3 Bg4 8. h3 Bd7
9. O-O Qc8 10. Kh2 a6 11. Be3 O-O 12. d4 cxd4 13. Nxd4 b5 14. e5 dxe5 15. fxe5
Nxe5 16. Bxa8 Neg4+ 17. hxg4 Nxg4+ 18. Kg1 Nxe3 19. Qd3 Nxf1 20. Rxf1 Qxa8 21.
Nde2 Bf5 22. Qd2 Rd8 23. Qf4 Qa7+ 24. Kh2 Qd7 25. g4 Be6 26. Ne4 Qd5 27. Qf3
Be5+ 28. Kg1 Rf8 29. Nf4 Bxf4 30. Qxf4 Qd4+ 31. Kh2 Rd8 32. c3 Qd3 33. Rf2 Qd1
34. Qh6 Qxg4 35. Qe3 Qh4+ 36. Kg1 Rd1+ 37. Rf1 Rxf1+ 38. Kxf1 Qh1+ 39. Kf2 Qh4+
40. Kg1 Bd5 41. Ng3 Qg4 42. Kf2 e6 43. b3 f5 0-1

[Event "6. ODEM U25 2009"]
[Site "Willingen GER"]
[Date "2009.06.01"]
[Round "3"]
[White "Goldbeck, Daniel"]
[Black "Höpfner, Tim"]
[Result "0-1"]
[Termination "normal"]
[Board "42"]
[WhiteElo "1391"]
[BlackElo "1824"]
[PlyCount "86"]
[WhiteFideId "1271850"]
[BlackFideId "4638310"]
[EventCountry "GER"]
[EventRounds "9"]
[EventType "swiss"]
[EventDate "2009.05.30"]

1. b3 Nf6 2. Bb2 d6 3. e3 g6 4. f4 Bg7 5. Nf3 Nc6 6. d3 Bd7 7. Be2 a5 8. Nbd2
O-O 9. a4 Re8 10. O-O Ng4 11. Bxg7 Nxe3 12. Qc1 Kxg7 13. Re1 Nb4 14. Qb2+ Kg8
15. Rac1 Ned5 16. g3 Nc6 17. Kg2 e5 18. fxe5 Nxe5 19. Nxe5 Rxe5 20. Nc4 Re8 21.
Bf3 Be6 22. h4 Qd7 23. Rh1 h5 24. Rce1 Re7 25. Nd2 f5 26. c4 Nb4 27. Qf6 Kh7
28. d4 c6 29. Kh2 Rae8 30. Re3 Nc2 31. Re2 Rf7 32. Qg5 Nxd4 33. Re3 Ref8 34.
Rg1 Qc7 35. Rge1 Qc8 36. Rg1 Bd7 37. Re7 Ne6 38. Rxf7+ Rxf7 39. Qe3 f4 40. Qd3
Qd8 41. Bxh5 fxg3+ 42. Kxg3 Nf4 43. Bxg6+ Nxg6 0-1

[Event "6. ODEM U25 2009"]
[Site "Willingen GER"]
[Date "2009.06.01"]
[Round "3"]
[White "Takeuchi, Eiki"]
[Black "Orhan, Eda"]
[Result "1-0"]
[Termination "normal"]
[Board "43"]
[WhiteElo "1882"]
[BlackElo "1769"]
[PlyCount "55"]
[WhiteFideId "24663751"]
[BlackFideId "24659258"]
[EventCountry "GER"]
[EventRounds "9"]
[EventType "swiss"]
[EventDate "2009.05.30"]

1. e4 d5 2. exd5 Qxd5 3. Nc3 Qd6 4. Nf3 Nf6 5. Bc4 a6 6. a4 Bg4 7. O-O e6 8.
Re1 Be7 9. d3 O-O 10. h3 Bh5 11. Bg5 Nc6 12. g4 Bg6 13. Qd2 h5 14. Bf4 Qd7 15.
g5 Nd5 16. Bg3 Nxc3 17. bxc3 Bd6 18. Nh4 Bxg3 19. Nxg6 Rfe8 20. fxg3 fxg6 21.
Qe3 Kh7 22. g4 Nd8 23. Qe2 e5 24. Kh2 Qd6 25. Qe4 Qc6 26. Bd5 Qc5 27. gxh5 Qf2+
28. Kh1 1-0

[Event "6. ODEM U25 2009"]
[Site "Willingen GER"]
[Date "2009.06.01"]
[Round "3"]
[White "Rummer, Bärbel"]
[Black "Klosa, Kevin"]
[Result "1/2-1/2"]
[Termination "normal"]
[Board "44"]
[WhiteElo "1476"]
[BlackElo "1453"]
[PlyCount "58"]
[WhiteFideId "12900109"]
[BlackFideId "12900206"]
[EventCountry "GER"]
[EventRounds "9"]
[EventType "swiss"]
[EventDate "2009.05.30"]

1. e4 e5 2. Nf3 Nc6 3. Bc4 Bc5 4. c3 Nf6 5. b4 Bb6 6. d3 d6 7. Bg5 Bg4 8. h3
Bh5 9. Nbd2 h6 10. Bh4 g5 11. Bg3 a6 12. Qc2 Bg6 13. Rd1 Nh5 14. Bh2 Ne7 15. g4
Nf6 16. Bb3 Ba7 17. a4 b5 18. a5 Rc8 19. Qa2 c5 20. Rb1 cxb4 21. cxb4 Nc6 22.
Bd1 Nd4 23. Nxd4 Bxd4 24. Nf3 Ba7 25. Qd2 Qc7 26. O-O O-O 27. Bb3 Qc3 28. Rfc1
Qxd2 29. Nxd2 Bd4 1/2-1/2

[Event "6. ODEM U25 2009"]
[Site "Willingen GER"]
[Date "2009.06.01"]
[Round "3"]
[White "Marquardt, Annabelle"]
[Black "Triantafillidis, Katherina"]
[Result "1-0"]
[Termination "normal"]
[Board "46"]
[WhiteElo "1381"]
[BlackElo "1221"]
[PlyCount "131"]
[WhiteFideId "12900125"]
[BlackFideId "24692409"]
[EventCountry "GER"]
[EventRounds "9"]
[EventType "swiss"]
[EventDate "2009.05.30"]

1. e4 e5 2. Nf3 Nc6 3. Bc4 Nf6 4. Ng5 d5 5. exd5 Nxd5 6. Nxf7 Kxf7 7. Qf3+ Ke6
8. Nc3 Nce7 9. d4 Qd6 10. O-O Kd7 11. Nxd5 Nxd5 12. Bxd5 c6 13. Bb3 Qf6 14. Qe4
Bd6 15. Rd1 Kc7 16. c4 exd4 17. Qxd4 Qxd4 18. Rxd4 Rf8 19. Be3 Bf5 20. Rad1 Be5
21. R4d2 a6 22. h3 Bf6 23. g4 Be6 24. Kg2 Rad8 25. f4 Rxd2+ 26. Rxd2 Re8 27.
Kf3 g6 28. Bd4 Rd8 29. Ke3 Bxd4+ 30. Rxd4 Re8 31. Kf2 Rd8 32. Ke3 Re8 33. Re4
Kd7 34. Bc2 Bxc4 35. Rxe8 Kxe8 36. a3 Bf7 37. Kd4 Kd7 38. Ke5 Ke7 39. f5 gxf5
40. gxf5 Kf8 41. Kd6 Bd5 42. Kc7 b5 43. Kb6 Kg7 44. Kxa6 Kf6 45. Kb6 Kg5 46.
Kc5 h5 47. Kd4 Bg2 48. Ke5 Bd5 49. Be4 Bxe4 50. Kxe4 Kf6 51. h4 c5 52. b3 b4
53. axb4 cxb4 54. Kf4 Kf7 55. Ke5 Ke7 56. f6+ Kf7 57. Kf5 Kf8 58. Kg6 Kg8 59.
Kxh5 Kf7 60. Kg5 Kf8 61. h5 Kg8 62. Kg6 Kh8 63. Kf7 Kh7 64. Ke8 Kh6 65. f7 Kxh5
66. f8=Q 1-0

[Event "6. ODEM U25 2009"]
[Site "Willingen GER"]
[Date "2009.06.01"]
[Round "3"]
[White "Kuckling, Linus"]
[Black "Sailer, Fabian"]
[Result "1/2-1/2"]
[Termination "normal"]
[Board "47"]
[WhiteElo "1197"]
[BlackElo "1380"]
[PlyCount "65"]
[WhiteFideId "24658243"]
[EventCountry "GER"]
[EventRounds "9"]
[EventType "swiss"]
[EventDate "2009.05.30"]

1. e4 d5 2. exd5 Nf6 3. Nc3 Nxd5 4. Nxd5 Qxd5 5. Nf3 Nc6 6. c3 e5 7. d4 Bg4 8.
Be2 e4 9. Nd2 Bf5 10. O-O O-O-O 11. Bg4 Bxg4 12. Qxg4+ f5 13. Qe2 Bd6 14. f3
exf3 15. Nxf3 Rde8 16. Qd3 Re7 17. Bg5 Re6 18. Rae1 Rxe1 19. Rxe1 g6 20. b3 Qf7
21. c4 h6 22. Bd2 Qg7 23. Bc3 Qf8 24. d5 Nb4 25. Qd4 Bc5 26. Re8+ Kd7 27. Rxf8
Bxd4+ 28. Bxd4 Rxf8 29. Bc5 Re8 30. Bxb4 Re2 31. a3 b6 32. Nd4 Rb2 33. Kf1
1/2-1/2

[Event "6. ODEM U25 2009"]
[Site "Willingen GER"]
[Date "2009.06.01"]
[Round "3"]
[White "Kempe, Markus"]
[Black "Kilic, Ahmet"]
[Result "1-0"]
[Termination "normal"]
[Board "48"]
[WhiteElo "1348"]
[BlackElo "1166"]
[PlyCount "73"]
[WhiteFideId "24692638"]
[EventCountry "GER"]
[EventRounds "9"]
[EventType "swiss"]
[EventDate "2009.05.30"]

1. e4 Nf6 2. e5 Nd5 3. d4 Nc6 4. f4 e6 5. Nf3 g6 6. Be2 Bg7 7. O-O Nde7 8. Nc3
d5 9. Bd2 O-O 10. Bd3 Nb4 11. Be2 Bd7 12. a3 Nbc6 13. Bd3 Rc8 14. b4 f5 15. Ne2
Kh8 16. c4 Rf7 17. b5 Nb8 18. c5 c6 19. a4 b6 20. Qc2 Qe8 21. Rfb1 Bh6 22. Kh1
Bg7 23. Bc1 Bh6 24. Ba3 bxc5 25. Bxc5 cxb5 26. axb5 Rf8 27. Rxa7 Qd8 28. Qa2
Bxb5 29. Bxe7 Qe8 30. Bxb5 Qf7 31. Bf6+ Qg7 32. Bxg7+ Kg8 33. Bxh6 Rcd8 34.
Rg7+ Kh8 35. Qa7 Rc8 36. Rxh7+ Kg8 37. Qg7# 1-0

[Event "6. ODEM U25 2009"]
[Site "Willingen GER"]
[Date "2009.06.01"]
[Round "3"]
[White "Zeller, Lukas"]
[Black "Triantafillidis, Zoe"]
[Result "1-0"]
[Termination "normal"]
[Board "50"]
[WhiteElo "1338"]
[BlackElo "923"]
[PlyCount "121"]
[WhiteFideId "1271152"]
[BlackFideId "12900150"]
[EventCountry "GER"]
[EventRounds "9"]
[EventType "swiss"]
[EventDate "2009.05.30"]

1. e4 c6 2. Nf3 d5 3. e5 Bf5 4. d4 e6 5. Nbd2 Nd7 6. Nb3 Bb4+ 7. Bd2 Bxd2+ 8.
Qxd2 Ne7 9. Bd3 O-O 10. O-O h6 11. Nh4 Bxd3 12. Qxd3 Nc8 13. Nf3 Qe7 14. a3 c5
15. c4 Ncb6 16. Nbd2 dxc4 17. Nxc4 Nxc4 18. Qxc4 Rac8 19. dxc5 Rxc5 20. Qb4 Re8
21. Rfe1 b6 22. Qa4 Ra5 23. Qe4 Nc5 24. Qc4 Ra4 25. b4 a5 26. Qb5 axb4 27. axb4
Rxa1 28. Rxa1 Ne4 29. Qxb6 Nc3 30. Nd4 Qh4 31. Qc6 Rd8 32. Qxc3 Rxd4 33. g3 Qe4
34. Re1 Qg4 35. f3 Rc4 36. Qd3 Qd4+ 37. Qxd4 Rxd4 38. Re4 Rd1+ 39. Kf2 Kf8 40.
Re1 Rd2+ 41. Re2 Rd5 42. f4 Ke7 43. Ke3 Kd7 44. Rd2 Rxd2 45. Kxd2 Kc6 46. Kc3
Kb5 47. Kb3 Kb6 48. Kc4 Kc6 49. b5+ Kb6 50. Kb4 Kb7 51. Kc5 Kc7 52. b6+ Kb7 53.
Kd6 Kxb6 54. Ke7 Kc5 55. Kxf7 Kd5 56. Kxg7 h5 57. Kf6 h4 58. gxh4 Ke4 59. Kxe6
Kxf4 60. Kf6 Kg4 61. e6 1-0

[Event "6. ODEM U25 2009"]
[Site "Willingen GER"]
[Date "2009.06.01"]
[Round "3"]
[White "Michels, Till"]
[Black "Bangert, Benjamin"]
[Result "0-1"]
[Termination "normal"]
[Board "51"]
[WhiteElo "968"]
[BlackElo "1330"]
[PlyCount "28"]
[BlackFideId "24692654"]
[EventCountry "GER"]
[EventRounds "9"]
[EventType "swiss"]
[EventDate "2009.05.30"]

1. e4 e6 2. d4 d5 3. exd5 exd5 4. Bb5+ Nc6 5. Nf3 Nge7 6. Nc3 a6 7. Bd3 Be6 8.
O-O Ng6 9. Re1 Be7 10. Bxg6 hxg6 11. Ng5 Bxg5 12. Qg4 Be7 13. Bf4 Bxg4 14. Re3
Nxd4 0-1

[Event "6. ODEM U25 2009"]
[Site "Willingen GER"]
[Date "2009.06.01"]
[Round "3"]
[White "Brühan, Caren"]
[Black "Polert, Jesper"]
[Result "1-0"]
[Termination "normal"]
[Board "54"]
[WhiteElo "1265"]
[BlackElo "779"]
[PlyCount "107"]
[WhiteFideId "24691976"]
[EventCountry "GER"]
[EventRounds "9"]
[EventType "swiss"]
[EventDate "2009.05.30"]

1. d4 d5 2. Bf4 Nc6 3. Nf3 Bf5 4. e3 Nf6 5. c4 e6 6. Nc3 Bb4 7. Be2 O-O 8. O-O
dxc4 9. Bxc4 Na5 10. Be2 Bxc3 11. bxc3 Ne4 12. Rc1 Qd5 13. c4 Qd8 14. Bd3 Qf6
15. Bxe4 Bxe4 16. Bxc7 Nc6 17. Be5 Nxe5 18. Nxe5 Qg5 19. Qg4 Qxg4 20. Nxg4 Bd3
21. Rfe1 Bf5 22. Ne5 f6 23. Nf3 Rac8 24. c5 Rc7 25. h3 Rfc8 26. Nd2 b6 27. Nb3
e5 28. cxb6 axb6 29. Rxc7 Rxc7 30. d5 Rd7 31. e4 Bg6 32. g4 Bf7 33. Rb1 g6 34.
Nd2 Rb7 35. Nc4 Ra7 36. a3 Be8 37. Rxb6 Kf7 38. Nd6+ Kf8 39. Nxe8 Kxe8 40. Rxf6
Rxa3 41. Kg2 Ke7 42. Re6+ Kf7 43. Rxe5 Kf6 44. Re6+ Kg5 45. Re7 h5 46. gxh5
gxh5 47. Rf7 Kh4 48. Rf4+ Kg5 49. Rf3 Rxf3 50. Kxf3 Kf6 51. Kf4 Ke7 52. Kg5 Kd6
53. Kxh5 Ke5 54. f3 1-0

[Event "6. ODEM U25 2009"]
[Site "Willingen GER"]
[Date "2009.06.02"]
[Round "4"]
[White "Erben, Larissa"]
[Black "Figura, Atila Gajo"]
[Result "0-1"]
[Termination "normal"]
[Board "1"]
[BlackTitle "FM"]
[WhiteElo "2040"]
[BlackElo "2417"]
[PlyCount "108"]
[WhiteFideId "24634590"]
[BlackFideId "4688058"]
[EventCountry "GER"]
[EventRounds "9"]
[EventType "swiss"]
[EventDate "2009.05.30"]

1. e4 e6 2. d4 d5 3. exd5 exd5 4. Nf3 Bd6 5. c4 c6 6. Nc3 Ne7 7. Bd3 dxc4 8.
Bxc4 O-O 9. O-O Nd7 10. Bg5 Nb6 11. Bb3 Kh8 12. Re1 f6 13. Bh4 Bg4 14. h3 Bh5
15. g4 Bf7 16. Ne4 Nbd5 17. Nxd6 Qxd6 18. Bg3 Qd7 19. Qd3 Ng6 20. Bc2 Bg8 21.
Qd2 Qf7 22. Re2 Rfe8 23. Rae1 Rxe2 24. Qxe2 Rd8 25. Bf5 Nge7 26. Be6 Qxe6 27.
Qxe6 Bxe6 28. Rxe6 Kg8 29. g5 Kf7 30. Re2 Nf5 31. Kg2 Nde7 32. gxf6 gxf6 33.
Re4 Ng6 34. h4 h5 35. Kf1 Nf8 36. Ke2 Ne6 37. Bh2 Nexd4+ 38. Nxd4 Rxd4 39. Rxd4
Nxd4+ 40. Kd3 Nf5 41. Ke4 Nxh4 42. Bg3 Ng6 43. Bb8 a6 44. f4 h4 45. Ba7 Ne7 46.
f5 h3 47. Bg1 Ke8 48. Kf3 Nxf5 49. Kg4 Nd6 50. Kxh3 Kf7 51. Kg4 Ke6 52. b3 Ne4
53. Kf4 Nc3 54. Ke3 Nxa2 0-1

[Event "6. ODEM U25 2009"]
[Site "Willingen GER"]
[Date "2009.06.02"]
[Round "4"]
[White "Wurm, Alexander"]
[Black "Coenen, Michael"]
[Result "0-1"]
[Termination "normal"]
[Board "2"]
[WhiteElo "2055"]
[BlackElo "2260"]
[PlyCount "52"]
[WhiteFideId "24637246"]
[BlackFideId "4697367"]
[EventCountry "GER"]
[EventRounds "9"]
[EventType "swiss"]
[EventDate "2009.05.30"]

1. d4 d5 2. Nc3 c6 3. e4 dxe4 4. Nxe4 Bf5 5. Ng3 Bg6 6. Nf3 Nd7 7. Bc4 e6 8.
O-O Ngf6 9. Re1 Be7 10. c3 Qc7 11. Nh4 O-O-O 12. Nxg6 hxg6 13. Qf3 Bd6 14. h3
Nb6 15. Bb3 Rde8 16. Bg5 Nh5 17. Ne4 Bh2+ 18. Kf1 Bf4 19. Re2 f5 20. Bxf4 Nxf4
21. Nc5 Nxe2 22. Bxe6+ Rxe6 23. Nxe6 Qh2 24. Kxe2 Re8 25. Kd3 Rxe6 26. g3 Qxh3
0-1

[Event "6. ODEM U25 2009"]
[Site "Willingen GER"]
[Date "2009.06.02"]
[Round "4"]
[White "Eidner, Falk"]
[Black "Zhou, Syang"]
[Result "0-1"]
[Termination "normal"]
[Board "4"]
[WhiteElo "2006"]
[BlackElo "2090"]
[PlyCount "62"]
[WhiteFideId "24634557"]
[BlackFideId "24636126"]
[EventCountry "GER"]
[EventRounds "9"]
[EventType "swiss"]
[EventDate "2009.05.30"]

1. e4 c5 2. Nf3 d6 3. d4 cxd4 4. Nxd4 Nf6 5. Nc3 g6 6. f3 Bg7 7. Be3 Nc6 8. Qd2
O-O 9. Bc4 Bd7 10. O-O-O Rc8 11. Bb3 Ne5 12. h4 h5 13. g4 hxg4 14. h5 Nxh5 15.
Rxh5 gxh5 16. Bh6 e6 17. Rh1 Qf6 18. Rxh5 Rc5 19. Bxg7 Kxg7 20. Rg5+ Ng6 21.
Rxg4 Rh8 22. Rg1 Rch5 23. Nd1 Rh2 24. Qb4 Qf4+ 25. Kb1 Rh1 26. Rxh1 Rxh1 27. c4
e5 28. Qxd6 exd4 29. Qxd7 Qd2 30. Qa4 Ne5 31. c5 Kh7 0-1

[Event "6. ODEM U25 2009"]
[Site "Willingen GER"]
[Date "2009.06.02"]
[Round "4"]
[White "Ackermann, Johannes"]
[Black "Wild, Achim"]
[Result "0-1"]
[Termination "normal"]
[Board "6"]
[WhiteElo "1935"]
[BlackElo "1947"]
[PlyCount "36"]
[WhiteFideId "24663875"]
[BlackFideId "4658728"]
[EventCountry "GER"]
[EventRounds "9"]
[EventType "swiss"]
[EventDate "2009.05.30"]

1. e4 e5 2. Nf3 d6 3. d4 exd4 4. Nxd4 Nf6 5. Nc3 Be7 6. Bc4 O-O 7. O-O Re8 8.
Bb3 Nbd7 9. f4 Nc5 10. Qf3 Bf8 11. Re1 Nxb3 12. axb3 d5 13. e5 c5 14. Nde2 d4
15. Ne4 Nxe4 16. Qxe4 f6 17. Ng3 Be6 18. exf6 Bf7 0-1

[Event "6. ODEM U25 2009"]
[Site "Willingen GER"]
[Date "2009.06.02"]
[Round "4"]
[White "Seidler, Lukas"]
[Black "Weißbeck, Simon"]
[Result "1-0"]
[Termination "normal"]
[Board "7"]
[WhiteElo "1805"]
[BlackElo "1959"]
[PlyCount "79"]
[WhiteFideId "12900095"]
[BlackFideId "24646865"]
[EventCountry "GER"]
[EventRounds "9"]
[EventType "swiss"]
[EventDate "2009.05.30"]

1. e4 e6 2. d4 d5 3. Nc3 Nf6 4. Bg5 dxe4 5. Nxe4 Be7 6. Nxf6+ gxf6 7. Bf4 a6 8.
Nf3 b5 9. Qe2 Bb7 10. O-O-O Nd7 11. h4 Bd5 12. Kb1 f5 13. Ng5 Nf6 14. Rh3 h6
15. Nf3 c6 16. Be5 Rg8 17. Bxf6 Bxf6 18. Ne5 Qc7 19. f4 O-O-O 20. Ra3 Kb7 21.
g3 Bxe5 22. fxe5 Be4 23. Rc3 Rd5 24. a4 Qa5 25. Qh5 Rg6 26. axb5 axb5 27. Bd3
Rxd4 28. Bxe4 Rxd1+ 29. Qxd1 fxe4 30. Ra3 Qc7 31. Qd4 Kb8 32. Qxe4 Rg8 33. c4
Qb7 34. Qd4 b4 35. Qd6+ Kc8 36. Ra4 Rd8 37. Qc5 b3 38. Kc1 Rd7 39. g4 Kd8 40.
Ra8+ 1-0